strength of materials (Record no. 2)

MARC details
000 -LEADER
fixed length control field 00317nam a22001457a 4500
005 - DATE AND TIME OF LATEST TRANSACTION
control field 20151006160416.0
008 - FIXED-LENGTH DATA ELEMENTS--GENERAL INFORMATION
fixed length control field 151006b xxu||||| |||| 00| 0 eng d
041 ## - LANGUAGE CODE
Language code of text/sound track or separate title eng
082 ## - DEWEY DECIMAL CLASSIFICATION NUMBER
Classification number 621
Item number 0001
100 ## - MAIN ENTRY--AUTHOR NAME
Personal name Khurmi R S
245 ## - TITLE STATEMENT
Title strength of materials
250 ## - EDITION STATEMENT
Edition statement 5
260 ## - PUBLICATION, DISTRIBUTION, ETC. (IMPRINT)
Place of publication Delhi
Name of publisher Vikash
Year of publication 2010
942 ## - ADDED ENTRY ELEMENTS (KOHA)
Koha item type Books

No items available.